000 00327 a2200157 4500
001 183046
020 _a
040 _cMagnum
100 _aSouza, Jadir Vilela e
240 1 0 _aAs quatro estações
_lpor
245 1 0 _aAs quatro estações
300 _a104
362 0 _a1997
697 _aLITERATURA GERAL
942 _cBK
999 _c183046
_d183046